00904nam a22001937a 450000500170000000800410001704000120005804100080007004400070007824501090008526001260019430000300032050400530035065000690040365000560047265000580052865000560058665000680064220141204152959.0141204b2003 ck Il. |r|||| 00| 0 spa d cCO-BoIH aspa ack0 aGuía del Facilitador (a) :bCartilla de educación en materia ambiental Cuenca del Río Tunjuelito  aBogotá D.C :bMinisterio de Ambiente, Vivienda y Desarrollo Territorial, bEmbajada Real de los Países Bajos, c2003. a51 pag bFotc 22 x 28 cm aIncluye referencias bibliográficas (pag 50-51) 4aManejo de cuencas hidrográficasz Bogotá D.C (Dpt. Colombia) aPolítica ambientalz Bogotá D.C (Dpt. Colombia) aDesarrollo comunitarioz Bogotá D.C (Dpt. Colombia) aGestión Ambiental z Bogotá D.C (Dpt. Colombia) aProtección del Medio Ambiente z Bogotá D.C (Dpt. Colombia)